Virginia Tech Football: Top 10 All-Time Leaders - Statistics

General Stats
  • This quiz has been taken 17 times
  • The average score is 9 of 46
Answer Stats
Category # Player Amount % Correct
Passing Yards 2 Tyrod Taylor 7,017
94%
Sacks 1 Bruce Smith 46.0
88%
Interceptions T5 Lenny Smith 13
75%
Passing Yards 7 Kyron Drones 5,044
69%
Passing Yards 1 Logan Thomas 9,003
44%
Rushing Yards 8 David Wilson 2,662
38%
Receiving Yards 2 Isaiah Ford 2,967
38%
Rushing Yards 4 Maurice Williams 2,981
38%
Passing Yards 8 Sean Glennon 4,867
38%
Rushing Yards 5 Dwayne Thomas 2,798
31%
Passing Yards 9 Michael Brewer 4,395
25%
Interceptions T10 Mike Johnson 11
25%
Receiving Yards 1 Cam Phillips 3,027
19%
Receiving Yards 4 Danny Coale 2,658
19%
Passing Yards 10 Jim Druckenmiller 4,383
19%
Interceptions 3 Macho Harris 15
19%
Receiving Yards 5 Tré Turner 2,292
19%
Receiving Yards 9 Andre Davis 1,986
13%
Rushing Yards 2 Kevin Jones 3,475
13%
Receiving Yards 10 Marcus Davis 1,827
13%
Interceptions T5 Ron Davidson 13
13%
Receiving Yards 7 Antonio Freeman 2,207
6%
Interceptions T10 Ashley Lee 11
6%
Rushing Yards 6 Branden Ore 2,776
6%
Passing Yards 3 Bryan Randall 6,508
6%
Sacks 3 Corey Moore 35.0
6%
Sacks 2 Cornell Brown 36.0
6%
Rushing Yards 1 Cyrus Lawrence 3,767
6%
Passing Yards 4 Don Strock 6,009
6%
Rushing Yards 10 Eddie Hunter 2,523
6%
Receiving Yards 8 Ernest Wilford 2,052
6%
Interceptions 1 Gene Bunn 18
6%
Receiving Yards 3 Jarrett Boykin 2,884
6%
Interceptions T7 Jayron Hosley 12
6%
Interceptions T7 John Granby 12
6%
Rushing Yards 9 Ken Oxendine 2,660
6%
Rushing Yards 7 Lee Suggs 2,767
6%
Passing Yards 6 Maurice DeShazo 5,720
6%
Interceptions T7 Mike Widger 12
6%
Tackles 1 Rick Razzano 634
6%
Receiving Yards 6 Ricky Scales 2,272
6%
Rushing Yards 3 Roscoe Coles 3,459
6%
Interceptions 2 Tyronne Drakeford 16
6%
Passing Yards 5 Will Furrer 5,915
6%
Interceptions T10 William Yarborough 11
6%
Interceptions 4 Willie Pile 14
6%
No matching quizzes found
Score Distribution
Percent of People with Each Score
Percentile by Number Answered
Your Score History
You have not taken this quiz